[Event "Troll Masters"]
[Site "Gausdal"]
[Date "1990.??.??"]
[Round "3"]
[White "King, Daniel J"]
[Black "Carlier, Bruno"]
[Result "1-0"]
[WhiteElo "2515"]
[BlackElo "2385"]

1.e4 c5 2.Nf3 Nc6 3.Bb5 g6 4.O-O Bg7 5.c3 a6 6.Bxc6 dxc6 7.h3 Nf6 8.Qe2 O-O
9.a4 a5 10.d4 cxd4 11.cxd4 b5 12.Bf4 b4 13.Rc1 Ba6 14.Qe3 Qb6 15.Nbd2 Bb7
16.Nb3 Nd7 17.Nc5 Nxc5 18.Rxc5 Rad8 19.Rac1 Rd7 20.Bh6 Rfd8 21.Bxg7 Kxg7
22.h4 Rd6 23.h5 h6 24.hxg6 fxg6 25.Qf4 Rf6 26.Qe5 Kf7 27.Nd2 Ba6 28.Nb3  1-0

[Event "Troll Masters"]
[Site "Gausdal"]
[Date "1990.??.??"]
[Round "4"]
[White "Djurhuus, Rune"]
[Black "Wessman, Richard"]
[Result "1/2-1/2"]
[WhiteElo "2400"]
[BlackElo "2505"]

1.e4 c5 2.Nf3 Nc6 3.Bb5 e6 4.O-O Nge7 5.c3 a6 6.Bxc6 Nxc6 7.d4 d5 8.dxc5 dxe4
9.Qxd8+ Nxd8 10.Nfd2 Bxc5 11.Nxe4 Ba7 12.b3 f5 13.Nd6+ Ke7 14.Rd1 Nf7 15.Ba3 Nxd6
16.Bxd6+ Kf6 17.Nd2 b5 18.Nf3 Bb7 19.Be5+ Ke7 20.Bd6+ Kf6 21.Ne5 Rhd8 22.Bc7 Rd5
23.Rxd5 Bxd5 24.Nd3 Be4 25.Rd1 Rc8 26.Be5+ Ke7 27.Kf1 g5 28.f3 Bb7 29.Ke2 a5
30.h4 g4 31.Nf4 Bb8 32.Nd3 Bxe5 33.Nxe5 gxf3+ 34.gxf3 Bd5 35.Rc1 Kd6 36.f4 Rg8
37.c4 bxc4 38.bxc4 Rg2+ 39.Ke3 Be4 40.c5+ Kc7 41.a3 h5 42.Kd4 Bd5 43.c6 Rd2+
44.Kc5 Bxc6 45.Rg1 Rc2+ 46.Kd4 Bg2 47.Nc4 Bd5 48.Ne3 Rd2+ 49.Ke5 Re2 50.Rg3 Kc6
51.Kf6 Ra2 52.Nxd5 Kxd5 53.Re3 a4 54.Rxe6 Rxa3 55.Kxf5 Rg3 56.Ra6 a3 57.Ra4 Kc5
58.Ke5 Re3+ 59.Kf6 Kb5 60.Ra8 Kc4 61.Kg5 Rf3  1/2-1/2

[Event "Troll Masters"]
[Site "Gausdal"]
[Date "1990.??.??"]
[Round "6"]
[White "Djurhuus, Rune"]
[Black "King, Daniel J"]
[Result "0-1"]
[WhiteElo "2400"]
[BlackElo "2515"]

1.e4 c5 2.Nf3 Nc6 3.Bb5 Nf6 4.Nc3 g6 5.h3 Nd4 6.a4 a6 7.Bc4 d6 8.d3 Bg7 9.O-O O-O
10.Ba2 Bd7 11.Nxd4 cxd4 12.Ne2 Qb6 13.a5 Qc5 14.c3 dxc3 15.Nxc3 b5 16.Be3 Qb4
17.Qd2 Be6 18.Bb1 d5 19.e5 d4 20.Ne2 Nd5 21.Qxb4 Nxb4 22.Bxd4 Nc6 23.f4 f6
24.exf6 exf6 25.Bc5 Rfe8 26.Nd4 Nxd4 27.Bxd4 Rac8 28.Re1 f5 29.Bxg7 Kxg7
30.Kf2 Kf6 31.Ra3 b4 32.Ra4 Rb8 33.d4 Red8 34.Ke3 Bc4 35.Rc1 Re8+ 36.Kf2 Re2+
37.Kg1 Bd5 38.Kf1 Rxg2 39.Rc5 Bf3 40.Rc2 Rg3 41.Rc4 Bd5 42.Rcxb4 Rf3+ 43.Ke2 Re8+
44.Kd2 Rf2+ 45.Kd3 Be4+ 46.Ke3 Rf3+ 47.Ke2 Bc6+ 48.Kd2 Rf2+  0-1

[Event "Peer Gynt"]
[Site "Gausdal"]
[Date "1990.??.??"]
[Round "8"]
[White "Schneider, Lars Ake"]
[Black "Chekhov, Valery A"]
[Result "1-0"]
[WhiteElo "2405"]
[BlackElo "2495"]

1.e4 c5 2.Nf3 Nc6 3.Bb5 d6 4.O-O Bd7 5.c3 a6 6.Ba4 Nf6 7.Re1 b5 8.Bc2 Bg4
9.h3 Bxf3 10.Qxf3 g6 11.d3 Bg7 12.Be3 O-O 13.Nd2 Nd7 14.a3 a5 15.Qe2 Qc7
16.Nf3 Rfc8 17.Rac1 b4 18.d4 bxc3 19.bxc3 Rcb8 20.Rb1 h6 21.Ba4 Rb6 22.d5 Ncb8
23.Qc2 Rxb1 24.Rxb1 Nb6 25.Bb5 N8d7 26.c4 Kh7 27.a4 Ne5 28.Nxe5 Bxe5 29.Bd2 Ra7
30.Qb3 e6 31.Bc6 Nd7 32.Qb5 Nf6 33.dxe6 fxe6 34.Qb7 Nd7 35.Qxc7 Rxc7 36.Bb7 Nb8
37.Bxa5 Rf7 38.f3 Kg7 39.Bd2 Rc7 40.a5 Nc6 41.a6 Na7  1-0

[Event "NRW-Liga I 8990"]
[Site "Germany"]
[Date "1990.??.??"]
[Round "?"]
[White "Schlehoefer, Ralf"]
[Black "Gerusel, Mathias"]
[Result "0-1"]
[WhiteElo "2310"]
[BlackElo "2355"]

1.e4 c5 2.Nf3 Nc6 3.Bb5 e6 4.O-O Nge7 5.e5 g6 6.Na3 Bg7 7.Nc4 O-O 8.c3 Nf5
9.d4 cxd4 10.cxd4 Nce7 11.Bd2 Nd5 12.Bg5 f6 13.exf6 Nxf6 14.Nce5 a6 15.Ba4 Ne7
16.Bb3 d6 17.Nd3 h6 18.Bxf6 Rxf6 19.Re1 Bd7 20.Nd2 Qb6 21.Qg4 h5 22.Qh3 Qxd4
23.Re4 Qb6 24.Bxe6+ Bxe6 25.Rxe6 Nf5 26.Rxf6 Bxf6 27.Ne4 Bg7 28.Re1 Rf8 29.Nf4 Qb4
30.Nd3 Qa4 31.Ng5 Qxa2 32.Qf3 Qb3 33.Qe4 Bh6 34.Nc1 Qxb2 35.Qc4+ Kh8 36.Nd3 Qd4  0-1

[Event "BL2-N8990"]
[Site "Germany"]
[Date "1990.??.??"]
[Round "?"]
[White "Meyer, Claus Dieter"]
[Black "Tomczak, Rainer"]
[Result "1/2-1/2"]
[WhiteElo "2335"]
[BlackElo "2305"]

1.e4 c5 2.Nf3 Nc6 3.Bb5 Nf6 4.Nc3 e5 5.Bxc6 dxc6 6.Nxe5 Nxe4 7.Nxe4 Qd5 8.O-O Qxe5
9.Re1 Be6 10.d3 O-O-O 11.Ng5 Qf5 12.Nxe6 fxe6 13.Qe2 Re8 14.Qe5 Qxe5 15.Rxe5 Bd6
16.Re4 Rhf8 17.b3 Kd7 18.Bb2 g6 19.Rae1 Rf4 20.Rxf4 Bxf4 21.Re4 Bd6 22.Bc1 Rf8
23.Be3 b6 24.Ra4 Bb8 25.h3 Rf7 26.Kf1 Kc8 27.Ke2 Bd6 28.g4 Bb8 29.g5 Kd7
30.h4 Kc8 31.h5 gxh5 32.Rh4 Kd7 33.Rxh5 Bd6 34.a4 a5 35.Rh3 Be5 36.Rf3 Rf5
37.Rh3 Rf7 38.Rh4 Bd6 39.Kf1 Be7 40.Rh5 Bf8 41.Kg2 e5 42.Kg3 Ke6 43.Kg4 Rb7
44.Rh1 Rf7 45.Re1 Kd6 46.f3 Bg7 47.Bd2 Bf8 48.Re4 Bg7 49.Re1 Bf8 50.Rh1 Ke6
51.Rf1 Bd6 52.Re1 Kd7 53.Re4 Rf8 54.Bc3 Ke6 55.Bd2 Kd7 56.Kg3 Rf7 57.Kf2 Ke6
58.Rh4 Bf8 59.Rh5 Re7 60.Bc3 Kd6 61.Ke3 Rf7 62.Bd2 Kd5 63.c4+ Ke6 64.Ke4 Kd6
65.Rh4 Ke6 66.f4 exf4 67.Rxf4 Rxf4+ 68.Bxf4 Bd6 69.Be3 Be7 70.d4 cxd4 71.Bxd4 Bxg5
72.Bxb6 Bd2 73.Bd8 Be1 74.Bc7 h5 75.Kf4 Bd2+ 76.Ke4 h4 77.Bd8 h3 78.Bc7 Bb4
79.Kf3 Kf5 80.Bg3 Bd2 81.Bc7 Bc3 82.Bf4 Be5  1/2-1/2

[Event "SWE-ch"]
[Site "Gothenburg"]
[Date "1990.??.??"]
[Round "?"]
[White "Schneider, Lars Ake"]
[Black "Brynell, Stellan"]
[Result "0-1"]
[WhiteElo "2415"]
[BlackElo "2430"]

1.e4 c5 2.Nf3 Nc6 3.Bb5 g6 4.O-O Bg7 5.c3 Nf6 6.Re1 O-O 7.d4 cxd4 8.cxd4 d5
9.e5 Ne4 10.Nc3 Nxc3 11.bxc3 Na5 12.Qa4 a6 13.Bd3 Bg4 14.Nd2 Qc7 15.Nb3 Qxc3
16.Qxa5 Qxd3 17.Ba3 Rfe8 18.Qxd5 Rab8 19.Re3 Qc2 20.h3 Be6 21.Qf3 Qc4 22.Rc3 Qd5
23.Qd3 b6 24.Nd2 Rbc8 25.Rxc8 Bxc8 26.Nc4 Bb7 27.f3 Rd8 28.Rd1 Qe6 29.Qe2 Bh6
30.Ne3 Rd7 31.Bc1 Rc7 32.d5 Qxe5  0-1

[Event "Groningen"]
[Site "Groningen"]
[Date "1990.??.??"]
[Round "?"]
[White "Wahls, Matthias"]
[Black "Fedorowicz, John P"]
[Result "1/2-1/2"]
[WhiteElo "2525"]
[BlackElo "2565"]

1.e4 c5 2.Nf3 Nc6 3.Bb5 e6 4.Bxc6 bxc6 5.c4 Ne7 6.O-O Ng6 7.b3 e5 8.Nc3 Be7
9.Ne2 d6 10.Ng3 O-O 11.Nf5 Bf6 12.Ne3 Nf4 13.d3 g6 14.g3 Nh5 15.Kg2 Bg7 16.Nh4 Nf4+
17.Kh1 Ne6 18.Rb1 a5 19.f3 Nd4 20.Nhg2 f5 21.exf5 gxf5 22.f4 a4 23.b4 cxb4
24.Rxb4 c5 25.Rxa4 Bb7 26.Nd5 Bxd5 27.cxd5 Qd7 28.Rxa8 Rxa8 29.Rf2 Qb7 30.Ne3 exf4
31.gxf4 Kh8 32.Rg2 Re8 33.Qh5 Re7 34.Rb2  1/2-1/2

[Event "Groningen op"]
[Site "Groningen"]
[Date "1990.??.??"]
[Round "1"]
[White "Minasian, Artashes"]
[Black "Brendel, Oliver"]
[Result "1-0"]
[WhiteElo "2495"]
[BlackElo "2325"]

1.e4 c5 2.Nf3 Nc6 3.Bb5 Nf6 4.Nc3 Qc7 5.O-O e5 6.Bc4 Be7 7.d3 h6 8.Nh4 d6
9.f4 Bg4 10.Nf3 a6 11.h3 Be6 12.fxe5 dxe5 13.Bxe6 fxe6 14.Nh4 g5 15.Ng6 Rg8
16.Nxe7 Qxe7 17.Qf3 Rg6 18.Be3 g4 19.hxg4 Nxg4 20.Na4 O-O-O 21.Bxc5 Qh4 22.Nb6+ Kb8
23.Qh3 Qxh3 24.gxh3 Ne3+ 25.Kh2 Nxf1+ 26.Rxf1 Nd4 27.Rf7 Rdg8 28.Nd7+ Kc8
29.Nxe5  1-0

[Event "Groningen op"]
[Site "Groningen"]
[Date "1990.??.??"]
[Round "4"]
[White "Motwani, Paul"]
[Black "Schmittdiel, Eckhard"]
[Result "0-1"]
[WhiteElo "2425"]
[BlackElo "2505"]

1.e4 c5 2.Nf3 Nc6 3.Bb5 g6 4.O-O Bg7 5.Re1 e5 6.Bxc6 dxc6 7.d3 Qe7 8.Nbd2 Nf6
9.a3 O-O 10.Nc4 Ne8 11.b4 Nd6 12.Nxd6 Qxd6 13.Be3 cxb4 14.axb4 Qxb4 15.Bxa7 Bg4
16.Qd2 Qxd2 17.Nxd2 Be6 18.Reb1 b5 19.Kf1 Rfc8 20.Bc5 Bf8 21.Bxf8 Kxf8 22.Nb3 Bxb3
23.cxb3 Ke7 24.Ke2 Kd6 25.Kd2 f5 26.Kc3 Kc5 27.b4+ Kd6 28.Re1 h5 29.Kb3 f4
30.Rec1 g5 31.Ra3 Rxa3+ 32.Kxa3 Ra8+ 33.Kb3 g4 34.Kb2 h4 35.Kb3 Rg8 36.Ra1 g3
37.hxg3 hxg3 38.f3 Rh8 39.Kc3 Rh2 40.Ra2 Rh1 41.d4 Rc1+ 42.Kd2 Rb1 43.dxe5+ Kxe5
44.Rc2 Kd4 45.Rxc6 Rg1 46.Rd6+ Kc4 47.e5 Rxg2+ 48.Ke1 Rf2  0-1

[Event "HUN-chop"]
[Site "Gyor"]
[Date "1990.??.??"]
[Round "2"]
[White "Motwani, Paul"]
[Black "Naumann, Frank"]
[Result "1/2-1/2"]
[WhiteElo "2425"]
[BlackElo "2290"]

1.e4 c5 2.Nf3 Nc6 3.Bb5 g6 4.O-O Bg7 5.Re1 Nf6 6.c3 O-O 7.d4 Qb6 8.Bxc6 dxc6
9.e5 Nd5 10.dxc5 Qxc5 11.Nbd2 Qa5 12.Nb3 Qa4 13.Nfd4 b6 14.Qf3 Bb7 15.Re4 Nxc3
16.Rh4 c5 17.Qxb7 Ne2+ 18.Nxe2 Qxh4 19.Bf4 Qg4 20.Re1 Rad8 21.Qe4 Rd7 22.h3 Qe6
23.Nc3 Rfd8 24.Re2 c4 25.Nd2 Rd4 26.Qf3 h5  1/2-1/2

[Event "HUN-chop"]
[Site "Gyor"]
[Date "1990.??.??"]
[Round "8"]
[White "Motwani, Paul"]
[Black "Zezulkin, Jurij"]
[Result "0-1"]
[WhiteElo "2425"]
[BlackElo "2360"]

1.e4 c5 2.Nf3 Nc6 3.Bb5 d6 4.O-O Bd7 5.Re1 Nf6 6.c3 a6 7.Bf1 Bg4 8.d3 e6
9.Nbd2 Be7 10.h3 Bh5 11.g4 Bg6 12.Nh4 d5 13.f4 dxe4 14.dxe4 c4 15.f5 Nxg4
16.Qxg4 Bxh4 17.Nxc4 Bxe1 18.Bg5 Bh5 19.Qxh5 Qc7 20.e5 Nxe5 21.Rxe1 Nxc4
22.Rxe6+ Kf8 23.Re7 Qc5+ 24.Kh1 Nd6 25.f6 Rg8 26.b4 Qd5+ 27.Bg2 Qxg2+ 28.Kxg2 gxf6
29.Qh6+ Kxe7 30.Qxf6+ Kd7 31.Kf1 Rg6 32.Qe7+ Kc6 33.Bf4 Re8 34.Qh4 Re4 35.Qf2 Rf6
36.Qc5+ Kd7 37.a4 Rexf4+ 38.Kg2 Rf2+  0-1

[Event "Mephisto (Women)"]
[Site "Hamburg"]
[Date "1990.??.??"]
[Round "7"]
[White "Gruenberg, Regina"]
[Black "Ioseliani, Nana"]
[Result "0-1"]
[WhiteElo "2120"]
[BlackElo "2475"]

1.e4 c5 2.Nf3 Nc6 3.Bb5 e6 4.O-O Nge7 5.Re1 a6 6.Bxc6 Nxc6 7.d4 cxd4 8.Nxd4 d6
9.Nxc6 bxc6 10.e5 d5 11.Qg4 h5 12.Qg3 h4 13.Qg4 h3 14.gxh3 Bb7 15.Nc3 Qh4
16.Kg2 Be7 17.Bd2 O-O-O 18.Na4 c5 19.Ba5 Rdg8 20.f3 Bc6 21.b3 Rh5 22.Qxh4 Rxh4
23.Nc3 Rgh8 24.Rh1 Rxh3 25.Rae1 Bg5 26.Ne2 d4 27.Ng3 Bf4 28.Bb6 g5 29.Bxc5 g4
30.Ne4 gxf3+ 31.Kf1 Be3 32.c3 Bxe4  0-1

[Event "Hastings Challengers9091"]
[Site "Hastings"]
[Date "1990.??.??"]
[Round "?"]
[White "Ledger, Andrew"]
[Black "Ulibin, Mikhail"]
[Result "0-1"]
[WhiteElo "2350"]
[BlackElo "2460"]

1.Nf3 c5 2.e4 Nc6 3.Bb5 g6 4.O-O Bg7 5.c3 Nf6 6.Qe2 O-O 7.d4 cxd4 8.cxd4 d5
9.e5 Ne4 10.h3 Qb6 11.Be3 Bd7 12.Bd3 Nb4 13.Ne1 f5 14.exf6 exf6 15.Nc3 f5
16.Bxe4 fxe4 17.a3 Na6 18.Qd2 Nc7 19.Nc2 Qd6 20.Rac1 Ne6 21.Ne2 Bb5 22.Rfe1 a5
23.Nc3 Bc4 24.a4 Bd3 25.Red1 Rac8 26.Ne1 Bc4 27.Nc2 Bb3 28.Ra1 Rf5 29.Ra3 Qb6
30.Rc1 Bf8 31.Raa1 Qa6 32.Na3 Rc6 33.Nab5 Bb4 34.Qe2 Qa8 35.Qg4 Qf8 36.Na7 Rc4
37.Nab5 Qf6 38.Qg3 Qf8 39.Rf1 Rc6 40.Rfc1 Bc4 41.Rd1 Kh8 42.Rac1 g5 43.h4 gxh4
44.Qxh4 Nf4 45.g3 Be7 46.Qh2 Rh6 47.Qxh6 Qxh6 48.Bxf4 Qh3 49.Nxe4 Rh5 50.Be5+ Kg8  0-1

[Event "Capablanca mem-B"]
[Site "Havana"]
[Date "1990.??.??"]
[Round "?"]
[White "Sieiro Gonzalez, Luis"]
[Black "Ochoa de Echaguen, F Javier"]
[Result "1/2-1/2"]
[WhiteElo "2360"]
[BlackElo "2400"]

1.e4 c5 2.Nf3 Nc6 3.Bb5 e5 4.O-O Nge7 5.c3 g6 6.d4 cxd4 7.cxd4 exd4 8.Nxd4 Bg7
9.Be3 O-O 10.Nc3 d5 11.exd5 Nxd5 12.Nxc6 bxc6 13.Nxd5 cxb5 14.Qf3 Bg4  1/2-1/2

[Event "FIN-ch"]
[Site "Helsinki"]
[Date "1990.??.??"]
[Round "5"]
[White "Maki, Veijo"]
[Black "Norri, Joose"]
[Result "1-0"]
[WhiteElo "2415"]
[BlackElo "2360"]

1.e4 c5 2.Nf3 Nc6 3.Bb5 d6 4.O-O Bd7 5.c3 Nf6 6.Re1 a6 7.Ba4 c4 8.Na3 b5
9.Bc2 e5 10.b3 cxb3 11.axb3 Be7 12.d4 b4 13.d5 bxa3 14.dxc6 Bxc6 15.Bxa3 O-O
16.c4 Qc7 17.Nd2 Qb7 18.Qf3 Nd7 19.Qh3 Nc5 20.Bxc5 dxc5 21.Nb1 Rfd8 22.Nc3 Rd2
23.Bd1 Qb4 24.Rf1 g6 25.Nd5 Bxd5 26.cxd5 Bg5 27.Ra4 Qb5 28.Rc4 Rb8 29.Qc3 Rc8
30.Bg4 Rb8 31.f4 Bxf4 32.Rxf4 exf4 33.Qxd2 Qxb3 34.Rxc5 Qb6 35.Qd4 Qb1+ 36.Kf2 f5
37.Rc7  1-0

[Event "FIN-ch"]
[Site "Helsinki"]
[Date "1990.??.??"]
[Round "10"]
[White "Paavilainen, Jorma"]
[Black "Maki, Veijo"]
[Result "1/2-1/2"]
[WhiteElo "2280"]
[BlackElo "2415"]

1.e4 c5 2.Nf3 Nc6 3.Bb5 g6 4.O-O Bg7 5.c3 Nf6 6.Re1 O-O 7.d4 cxd4 8.cxd4 d5
9.e5 Ne4 10.Nc3 Nxc3 11.bxc3 Qa5 12.Qa4 Qxa4 13.Bxa4  1/2-1/2

[Event "Jajce (Women)"]
[Site "Jajce"]
[Date "1990.??.??"]
[Round "7"]
[White "Erenska Radzewska, Hanna"]
[Black "Maric, Alisa"]
[Result "1/2-1/2"]
[WhiteElo "2270"]
[BlackElo "2365"]

1.e4 c5 2.Nf3 Nc6 3.Bb5 g6 4.O-O Bg7 5.Re1 Nf6 6.h3 O-O 7.Nc3 Nd4 8.Bc4 d6
9.d3 Bd7 10.a4 Bc6 11.Bg5 h6 12.Bd2 e6 13.Nxd4 cxd4 14.Ne2 d5 15.exd5 Nxd5
16.a5 b5 17.axb6 axb6 18.Rxa8 Qxa8 19.Ng3 Kh7 20.Qe2 Qb8 21.Qg4 e5 22.Qh4 f5
23.Bxd5 Bxd5 24.Qe7 Re8 25.Qd7 Rd8 26.Qe7 Re8 27.Qd7 Qd8 28.Qxd8 Rxd8 29.f3 Bf6
30.Kh2 Ra8 31.c4 Bb7 32.Bb4 h5 33.Bd6 h4 34.Nf1 Re8 35.Kg1 e4 36.fxe4 fxe4
37.dxe4 Rxe4 38.Rxe4 Bxe4 39.Bc7 d3 40.Bxb6 Bxb2 41.Be3 Bc3 42.Nd2 Bxd2 43.Bxd2 Kg7
44.Bg5  1/2-1/2

[Event "Jajce (Women)"]
[Site "Jajce"]
[Date "1990.??.??"]
[Round "7"]
[White "Misanovic, Vesna"]
[Black "Maksimovic, Suzana"]
[Result "1-0"]
[WhiteElo "2270"]
[BlackElo "2280"]

1.e4 c5 2.Nf3 Nc6 3.Bb5 e6 4.b3 Qb6 5.Qe2 Nf6 6.O-O Be7 7.Bxc6 bxc6 8.e5 Nd5
9.d3 a5 10.c4 Nb4 11.Nc3 f6 12.Ne4 O-O 13.exf6 Bxf6 14.Nxf6+ gxf6 15.Bh6 Rf7
16.Ne5 fxe5 17.Qg4+ Kh8 18.Qh5 Kg8 19.f4 d6 20.Rf3 exf4 21.Rxf4 Raa7 22.Rg4+ Kh8
23.Qg5  1-0

[Event "Jajce (Women)"]
[Site "Jajce"]
[Date "1990.??.??"]
[Round "9"]
[White "Misanovic, Vesna"]
[Black "Maric, Alisa"]
[Result "1-0"]
[WhiteElo "2270"]
[BlackElo "2365"]

1.e4 c5 2.Nf3 Nc6 3.Bb5 g6 4.O-O Bg7 5.Re1 Nf6 6.e5 Nd5 7.Nc3 Nc7 8.Bxc6 dxc6
9.Ne4 Ne6 10.d3 O-O 11.Be3 b6 12.Qd2 a5 13.Bh6 Nd4 14.Nxd4 Qxd4 15.Ng3 f5
16.exf6 Bxh6 17.Qxh6 Qxf6 18.Ne4 Qg7 19.Qxg7+ Kxg7 20.Re3 a4 21.a3 Ra7 22.Rae1 h6
23.Nc3 e6 24.Re4 b5 25.h3 Raf7 26.R1e2 Ra7 27.Re5 Rf5 28.g4 Rxe5 29.Rxe5 b4
30.Ne4 bxa3 31.bxa3 Rb7 32.Rxc5 Rb1+ 33.Kg2 Bb7 34.Nd6 Kf6 35.Nxb7 Rxb7 36.Rxc6 Rb2
37.Kf3 Ra2 38.Rc3 Ke5 39.Ke3 g5 40.d4+ Kd5 41.Kd3 Ra1 42.Rc5+ Kd6 43.Rc3 Kd5
44.Rc8 Rxa3+ 45.c3 Ra1 46.c4+ Kd6 47.Ra8 Rd1+ 48.Kc3 Rc1+ 49.Kd3 Rd1+ 50.Ke3 Ra1
51.Ra6+ Kd7 52.Kd3 Ra3+ 53.Ke2 Ra1 54.Kd3 Rd1+ 55.Kc3 Rc1+ 56.Kb4 Rd1 57.Kc5 Ra1
58.Ra7+ Kc8 59.Kd6 Rd1 60.Rxa4 Rxd4+ 61.Kxe6 Rd3 62.Ra7 Rxh3 63.Rh7 Rh2 64.f3 Rh3
65.Rf7 h5 66.c5 hxg4 67.fxg4 Rg3 68.Kd6 Kb8 69.Rf8+ Ka7 70.c6 Rd3+ 71.Kc7 Rh3
72.Re8 Rh4 73.Rd8 Rxg4 74.Rd1 Ra4 75.Kd8 Rh4 76.c7 Rh8+ 77.Kd7 Rh7+ 78.Kc6 Rh6+
79.Rd6 Rh8 80.Rd8  1-0

[Event "Karl-Marx-Stadt"]
[Site "Karl-Marx-Stadt"]
[Date "1990.??.??"]
[Round "?"]
[White "Seifert, Henryk"]
[Black "Saltaev, Mihail"]
[Result "0-1"]
[WhiteElo "2320"]
[BlackElo "2430"]

1.e4 c5 2.Nf3 Nc6 3.Bb5 d6 4.d4 cxd4 5.Qxd4 Bd7 6.Bxc6 bxc6 7.O-O e5 8.Qd3 Qc7
9.c4 Be7 10.Nc3 Nf6 11.Bg5 Be6 12.Rfd1 Rd8 13.Bxf6 Bxf6 14.b4 O-O 15.Rac1 Be7
16.b5 f5 17.Nd5 Bxd5 18.cxd5 c5 19.exf5 Qd7 20.Rc3 Rxf5 21.Nd2 Rdf8 22.Ne4 Bd8
23.a4 Rf4 24.f3 g5 25.Rc4 R8f7 26.Ra1 Be7 27.Qb3 Rg7 28.Ng3 Rf8 29.a5 Rb8
30.Rb1 Bd8 31.Ra4 g4 32.Qd3 gxf3 33.gxf3 a6 34.Kh1 Rxb5 35.Re1 Rb2 36.Nf5 Qxa4
37.Nxg7 Qh4 38.Re2 Rxe2 39.Qxe2 Kxg7 40.Qxa6 Qe1+ 41.Kg2  0-1

[Event "Karl-Marx-Stadt"]
[Site "Karl-Marx-Stadt"]
[Date "1990.??.??"]
[Round "?"]
[White "Seifert, Henryk"]
[Black "Panchev, Pavel"]
[Result "1/2-1/2"]
[WhiteElo "2320"]
[BlackElo "2365"]

1.e4 c5 2.Nf3 Nc6 3.Bb5 g6 4.O-O Bg7 5.c3 e5 6.d4 cxd4 7.cxd4 exd4 8.Bf4 d6
9.Nbd2 Be6 10.Qa4 Ne7 11.Nxd4 O-O 12.N2f3 Nxd4 13.Nxd4 a6 14.Be2 Bd7 15.Qb4 d5
16.Rfd1 b5 17.Bg5 Re8 18.Qb3 Qb6 19.Be3 dxe4 20.Nxb5 Qb7 21.Nd6 Qxb3 22.axb3 Reb8
23.Nxe4 Be6 24.Nc5 Bxb2 25.Rab1 Bxb3 26.Rd2 Bc3 27.Nxb3 Bxd2 28.Bxd2 a5 29.Bf3 Ra7
30.Bf4 Rb5 31.Be2 Rb4 32.Bd2 Rb8 33.Bf4 Rb4 34.Bd2 Rb8  1/2-1/2

[Event "Katowice op"]
[Site "Katowice"]
[Date "1990.??.??"]
[Round "8"]
[White "Kalegin, Evgenij"]
[Black "Kalinitschew, Sergey"]
[Result "1-0"]
[WhiteElo "2380"]
[BlackElo "2465"]

1.e4 c5 2.Nf3 Nc6 3.Bb5 d6 4.O-O Bd7 5.c3 Nf6 6.Re1 a6 7.Bxc6 Bxc6 8.d4 Bxe4
9.Bg5 d5 10.Nbd2 Bxf3 11.Qxf3 e6 12.Bxf6 gxf6 13.c4 Bh6 14.Rad1 Bxd2 15.Rxd2 dxc4
16.Qf4 Qa5 17.dxc5 Rd8 18.Rde2 Ke7 19.Qxc4 Rhe8 20.Qe4 Qb5 21.a4 Qb3 22.Re3 Qxb2
23.Qxh7 e5 24.Qh4 Rd5 25.Rf3 e4 26.h3 Rxc5 27.Rxe4+ Kd7 28.Rd4+ Kc8 29.Qxf6 Rc7
30.Rd8+  1-0

[Event "Balkaniad"]
[Site "Kavala"]
[Date "1990.??.??"]
[Round "5"]
[White "Spasov, Vasil"]
[Black "Grivas, Efstratios"]
[Result "1/2-1/2"]
[WhiteElo "2440"]
[BlackElo "2445"]

1.e4 c5 2.Nf3 Nc6 3.Bb5 d6 4.O-O Bd7 5.c3 Nf6 6.Re1 a6 7.Ba4 c4 8.Bc2 Rc8
9.b3 b5 10.Qe2 Ne5 11.Nxe5 dxe5 12.bxc4 bxc4 13.d4 cxd3 14.Bxd3 a5 15.Bb5 e6
16.Rd1 Qb6 17.Na3 Bxb5 18.Nxb5 Bc5 19.a4 O-O 20.Bg5 Rfd8 21.Kf1 Qc6 22.f3 Bb6
23.Bh4 Rd7 24.Rxd7 Nxd7 25.Rd1 Bc5 26.Qd3 Nf8 27.Bf2 Bxf2 28.Kxf2 h6 29.g3 Qc5+
30.Kg2 Nh7 31.Kf1 Nf6 32.Ke2 g5 33.Kf1 g4 34.Kg2 Qc4 35.Nd6 Qxd3 36.Rxd3 Rc6
37.f4 exf4 38.gxf4 Kf8 39.e5 Nd5 40.Kg3 Nxc3 41.Kxg4 Nd5  1/2-1/2

[Event "Kecskemet op"]
[Site "Kecskemet"]
[Date "1990.??.??"]
[Round "?"]
[White "Siklosi, Zoltan"]
[Black "Mann, Gerald"]
[Result "1-0"]
[WhiteElo "2400"]
[BlackElo "2230"]

1.e4 c5 2.Nf3 Nc6 3.Bb5 g6 4.O-O Bg7 5.c3 d6 6.d4 Qb6 7.Ba4 cxd4 8.cxd4 Bd7
9.Nc3 Nf6 10.e5 dxe5 11.d5 Nb8 12.Nxe5 O-O 13.Nxd7 Nbxd7 14.Qe2 Qd6 15.Rd1 a6
16.a3 b5 17.Bb3 Nc5 18.Ba2 Nfd7 19.Bg5 Rfe8 20.Rac1 h6 21.Bh4 f5 22.b4 Nb7
23.Bg3 Be5 24.Nxb5 axb5 25.Rc6 Qb8 26.Rxg6+ Kf7 27.Qh5 Nf6 28.Rxf6+ Kxf6
29.Qxh6+ Kf7 30.d6+ e6 31.Bxe5  1-0

[Event "Kherson"]
[Site "Kherson"]
[Date "1990.??.??"]
[Round "?"]
[White "Izhnin, A."]
[Black "Shmuter, Leonid"]
[Result "1/2-1/2"]
[WhiteElo "2300"]
[BlackElo "2405"]

1.e4 c5 2.Nf3 Nc6 3.Bb5 g6 4.O-O Bg7 5.c3 Nf6 6.e5 Nd5 7.d4 cxd4 8.cxd4 O-O
9.Nc3 Nxc3 10.bxc3 d6 11.exd6 Qxd6 12.a4 Rd8 13.Re1 Qc7 14.Bg5 Be6 15.Rc1 Na5
16.Bh4 Bf6 17.Bxf6 exf6 18.Nd2 f5 19.h4 Rac8 20.h5 Qd6 21.Re3 a6 22.Bf1 Qc6
23.Re5 Rd5 24.Qe1  1/2-1/2

[Event "URS-Trade Union"]
[Site "Kherson"]
[Date "1990.??.??"]
[Round "?"]
[White "Magomedov, Magaram"]
[Black "Telman, Valeri"]
[Result "1-0"]
[WhiteElo "2500"]
[BlackElo "2280"]

1.e4 c5 2.Nf3 Nc6 3.Bb5 g6 4.O-O Bg7 5.Bxc6 dxc6 6.d3 Nf6 7.Nc3 O-O 8.h3 Ne8
9.Be3 b6 10.Qd2 Nc7 11.Bh6 Ne6 12.Bxg7 Kxg7 13.Ne2 f6 14.Qe3 Nc7 15.Nd2 e5
16.f4 exf4 17.Rxf4 Ne6 18.Rf2 Nd4 19.Rc1 Be6 20.Nf4 Qe7 21.c3 Nb5 22.a4 Nc7
23.Qg3 Ne8 24.Rcf1 Rd8 25.Nf3 Kg8 26.Nh4 Ng7 27.Nfxg6 hxg6 28.Nxg6 Qe8 29.Nxf8 Qxf8
30.Rxf6 Qd6 31.e5 Qe7 32.h4  1-0

[Event "JUG-ch (Women)"]
[Site "Kladovo"]
[Date "1990.??.??"]
[Round "?"]
[White "Vuksanovic, Sanja"]
[Black "Mihevc, Narcisa"]
[Result "0-1"]
[WhiteElo "2160"]
[BlackElo "2115"]

1.e4 c5 2.Nf3 Nc6 3.Bb5 d6 4.Bxc6+ bxc6 5.h3 e5 6.O-O g5 7.c3 h5 8.d4 g4
9.Nh2 gxh3 10.g3 Nf6 11.dxe5 dxe5 12.Qxd8+ Kxd8 13.Bg5 Be7 14.Nd2 Rg8 15.Nhf3 Ng4
16.Bxe7+ Kxe7 17.Rfe1 Be6 18.Nf1 Rad8 19.Red1 Bc4 20.Nh4 Be2 21.Nf5+ Kf6
22.Rxd8 Rxd8 23.Nh2 Rd2 24.b3 Nxh2 25.Kxh2 Bf3 26.Kxh3 Rxf2 27.Ne3 Re2 28.Nf1 Kg5  0-1

[Event "JUG-ch"]
[Site "Kladovo"]
[Date "1990.??.??"]
[Round "?"]
[White "Cabrilo, Goran"]
[Black "Damljanovic, Branko"]
[Result "1-0"]
[WhiteElo "2480"]
[BlackElo "2535"]

1.e4 c5 2.Nf3 Nc6 3.Bb5 d6 4.O-O Bd7 5.c3 Nf6 6.Re1 a6 7.Bxc6 Bxc6 8.d4 Bxe4
9.Bg5 Bg6 10.d5 Qd7 11.Nbd2 Rd8 12.Qb3 Qb5 13.Qa3 h6 14.Bh4 Bh7 15.Bxf6 gxf6
16.c4 Qb4 17.Qe3 Rd7 18.Ne4 Kd8 19.b3 f5 20.a3 Qb6 21.Ned2 Bg7 22.Rac1 Re8
23.b4 e5 24.Qc3 Bh8 25.bxc5 dxc5 26.Nxe5 Rde7 27.Ndf3 f6 28.Nd3 Rxe1+ 29.Nfxe1 Re4
30.g3 Bg7 31.Nf4 Bf8 32.Ne6+ Ke7 33.Nd3 Kf7 34.Qc2 Qa7 35.Rb1 f4 36.Rxb7+ Qxb7
37.Nd8+ Kg8 38.Nxb7 Rd4 39.Qe2 Bxd3 40.Qe6+ Kh7 41.Nd6 Bxd6 42.Qf7+ Kh8 43.Qxf6+ Kh7
44.Qxd6 Bxc4 45.Qe7+ Kg6 46.d6 Kf5 47.g4+  1-0

[Event "JUG-ch"]
[Site "Kladovo"]
[Date "1990.??.??"]
[Round "?"]
[White "Miljanic, Boro"]
[Black "Ivanovic, Bozidar"]
[Result "1/2-1/2"]
[WhiteElo "2385"]
[BlackElo "2520"]

1.e4 c5 2.Nf3 Nc6 3.Bb5 e6 4.O-O Nge7 5.b3 Ng6 6.Bb2 f6 7.c3 a6 8.Be2 Bd6
9.d4 O-O 10.Nbd2 Be7 11.d5 exd5 12.exd5 Nce5 13.Nxe5 fxe5 14.d6 Bxd6 15.Ne4 Be7
16.Nd6 Kh8 17.Bh5 Bxd6 18.Bxg6 Rf6 19.Be4 Bc7 20.c4 d6 21.f4 Qe7 22.Qh5 Rh6
23.Qg5 Qe8 24.fxe5 dxe5 25.Rf3 Be6 26.Raf1 Bg8 27.Rg3 Qd7 28.Rd3 Rd6 29.Rh3 Rd1
30.Rf3 Rxf1+ 31.Rxf1 Re8 32.Bxb7 a5 33.Be4 a4 34.h3 axb3 35.axb3 Rb8 36.Bxe5 Bxe5
37.Qxe5 Re8 38.Bf5 Qc6 39.Qg3 Qb6 40.Bc2 Re2  1/2-1/2

[Event "JUG-sf"]
[Site "Kladovo"]
[Date "1990.??.??"]
[Round "4"]
[White "Miljanic, Boro"]
[Black "Orel, Oskar"]
[Result "1-0"]
[WhiteElo "2385"]
[BlackElo "2340"]

1.e4 c5 2.Nf3 Nc6 3.Bb5 g6 4.O-O Bg7 5.c3 Nf6 6.Re1 O-O 7.h3 a6 8.Bxc6 dxc6
9.d3 Nd7 10.e5 f6 11.Qb3+ Kh8 12.exf6 exf6 13.Nbd2 Qb6 14.Qa4 Qc7 15.Qh4 Ne5
16.Nxe5 fxe5 17.Ne4 b6 18.Bg5 Qf7 19.Be7 Qf4 20.g4 Ra7 21.Bxf8 Qxf8 22.Re3 h6
23.Rae1 Be6 24.b3 a5 25.Qg3 a4 26.Nd2 Bg8 27.Nf3 axb3 28.axb3 e4 29.Ne5 Kh7
30.Rxe4 Rd7  1-0

[Event "JUG-sf"]
[Site "Kladovo"]
[Date "1990.??.??"]
[Round "6"]
[White "Kontic, Vladimir"]
[Black "Nikolic, Nebojsa"]
[Result "0-1"]
[WhiteElo "2370"]
[BlackElo "2390"]

1.e4 c5 2.Nf3 Nc6 3.Bb5 g6 4.O-O Bg7 5.c3 a6 6.Bxc6 dxc6 7.d3 Bg4 8.h3 Bxf3
9.Qxf3 Nf6 10.Na3 O-O 11.Qe2 Nd7 12.f4 e6 13.e5 b5 14.Nc2 f6 15.exf6 Qxf6
16.Ne3 Qe7 17.Ng4 Rae8 18.Bd2 h5 19.Nh2 e5 20.f5 gxf5 21.Qxh5 Qf7 22.Qg5 c4
23.dxc4 bxc4 24.Rae1 Re6 25.Nf3 f4 26.Re4 Rg6 27.Qh4 Qf5 28.Rfe1 Rg3 29.Kh1 Bf6
30.Qh6 Rg6 31.Nh4 Qxh3+ 32.gxh3 Rxh6 33.Nf5 Rxh3+ 34.Kg2 Rd3 35.Bc1 Bg5 36.Rxc4  0-1